000 00693cam a22002411 4500
001 10482
003 BD-RjUL
005 20211208234949.0
008 140123s1949 xx 001 0 eng
035 _a(BD-RjUL)10530
040 _aDLC
_cFMU
_dDLC
_dBD-RjUL
_beng
041 _aeng
082 _a541.3452
_bCOL 1949
245 0 0 _aColloid science /
_cEdited by H. R. Kruyt
_nVOLUME II
260 _aNew York :
_bEls. Pub. Com. INC. ,
_c1949
300 _axix, 753 p. :
_bdiagrs. ;
_c26 cm.
504 _aIncludes index.
650 0 _aColloids.
_932383
700 1 _aRideal, Eric K.
_q(Eric Keightley),
_cSir,
_d1890-
_932384
942 _2ddc
_cBK
999 _c10482
_d10482